Hóa học đại cương Dùng cho sinh viênn hệ cao đẳng. Tài liệu tham khảo bổ ích cho học sinh chuyên hóa học

Các phần lý thuyết cơ bản nhât hóa đại cương..

Guardado en:
Detalles Bibliográficos
Autor principal: Lê Mậu Quyền
Formato: Libro
Lenguaje:Vietnamese
Publicado: H. Khoa học và kỹ Thuật 2001
Materias:
Etiquetas: Agregar Etiqueta
Sin Etiquetas, Sea el primero en etiquetar este registro!
Thư viện lưu trữ: Mạng thư viện Đại học Đà Nẵng
LEADER 01169nam a2200325 4500
001 000008493
003 4682
005 20111021151009.0
008 111018s2001 viesd
020 |c 14000đ 
041 0 |a vie 
082 |a 540  |b LÊ-Q 
100 0 |a Lê Mậu Quyền 
245 0 |a Hóa học đại cương  |b Dùng cho sinh viênn hệ cao đẳng. Tài liệu tham khảo bổ ích cho học sinh chuyên hóa học  |c Lê Mậu Quyền 
260 |a H.  |b Khoa học và kỹ Thuật  |c 2001 
300 |a 163tr.  |c 20cm 
520 |a Các phần lý thuyết cơ bản nhât hóa đại cương.. 
653 |a Giáo trình 
653 |a Hóa học đại cương 
910 |a Quang Huy  |d 18/10/2011 
OWN |a LSP 
AVA |a UDN50  |b LSP  |d 540 LÊ-Q  |e available  |t Error 5001 Not defined in file expand_doc_bib_avail.  |f 1  |g 0  |h N  |i 0  |k 1 
999 |a From the UDN01 
AVA |a UDN50  |b LSP  |d 540 LÊ-Q  |e available  |t Error 5001 Not defined in file expand_doc_bib_avail.  |f 1  |g 0  |h N  |i 0  |k 1 
TYP |a Monograph 
TYP |a Printed language 
980 |a Mạng thư viện Đại học Đà Nẵng